| 000 | 01797nam0a2200373 i 4500 | ||
|---|---|---|---|
| 001 | RU\NLR\bibl\2064845 | ||
| 005 | 20241114183834.0 | ||
| 010 |
_a9785870551531 _950 |
||
| 021 |
_aRU _b2013-57496 _93967 |
||
| 035 | _a(nilc)RuMoRGB-006613023 | ||
| 035 | _a(NLR Aleph) 002051398 | ||
| 090 |
_a4643171 _c4643171 |
||
| 100 | _a20130729d2012 k y0rusy50 ca | ||
| 101 | 0 | _arus | |
| 102 | _aRU | ||
| 105 | _aa zzzz||||| | ||
| 200 | 1 |
_aНаправленное регулирование процессов структурообразования волокнисто-пористых композиционных материалов на основе растворов полиэфируретанов _eмонография _fЕ.С. Бокова _gМ-во образования и науки РФ, Моск. гос. ун-т дизайна и технологии |
|
| 210 |
_aМосква _cМГУДТ _d2012 |
||
| 215 |
_a196 с. _cил. _d21 |
||
| 300 | _aВ вып. дан. авт.: Бокова Е.С., д.т.н., проф. | ||
| 320 | _aБиблиогр.: с. 178-196 (218 назв.) | ||
| 606 |
_aПенополиуретаны _9977895 _3RU\NLR\auth\6649004 |
||
| 606 | 1 |
_aПолиэфируретановые пленки _92158115 _3RU\NLR\auth\661603726 |
|
| 606 |
_aВолокнистые композиционные материалы _92187032 _3RU\NLR\auth\661314893 |
||
| 686 | _aЛ719.431.42 | ||
| 686 | _aЛ719.331.42 | ||
| 700 | 1 |
_4070 _7ca _8rus _aБокова _bЕ. С. _cд-р техн. наук _gЕлена Сергеевна _9174065 _3RU\NLR\AUTH\770174116 |
|
| 801 | 0 |
_aRU _bRuMoRKP _c20130729 _gRCR |
|
| 801 | 2 |
_aRU _bРГБ _c20130730 |
|
| 801 | 1 |
_aRU _bRuMoRKP _c20130729 _2rusmarc |
|
| 801 | 2 |
_aRU _bNLR _c20130821 _grcr |
|
| 942 | _cBOOK | ||
| 980 | _aNBR | ||